Žena v taláru /

Main Author: Herman, Arnošt, 1932-2020
Language: Czech
Published: Praha : Československý spisovatel, 1983
Edition: 1. vyd.
Series: Žatva (Československý spisovatel)
Online Access: Digitalizovaný dokument
Physical Description: 237 s.
Book
Saved in:
LEADER 00899nam a22002652a 4500
001 001103203
003 CZ BrMZK
005 20101027144519.0
007 ta
008 100623s1983 xr er|||||||||||cze d
015 |a cnb000009015 
035 |a (OCoLC)10773175 
040 |a BOA001  |b cze 
100 1 |a Herman, Arnošt,  |d 1932-2020  |7 jk01040836  |4 aut 
245 1 0 |a Žena v taláru /  |c Arnošt Herman ; ilustrovala Zdena Maršalová 
250 |a 1. vyd. 
260 |a Praha :  |b Československý spisovatel,  |c 1983 
300 |a 237 s. 
490 1 |a Žatva 
830 0 |a Žatva (Československý spisovatel)  |0 s 
856 4 1 |u http://www.digitalniknihovna.cz/mzk/uuid/uuid:b89c49f0-c82d-11e2-b6da-005056827e52  |y Digitalizovaný dokument  |x NDK 
910 |a BOA001  |b 2-0870.326 
990 |a BK 
991 |b 201006 
996 6 |b 2619911208  |c 2-0870.326  |l MZK  |r Sklad / do 1 hodiny  |n 1  |w 001129857  |u 000010  |a 1  |e BOA001  |j MZK50  |s P